00771nam a22001935a 450000500170000000800410001701000140005802000250007203500130009703700150011004000180012508200110014310000110015424500960016526000480026127000660030930000230037552001790039820080807134936.0080709s2008 ii a b 010 0 eng  aENG-92688 a9788189882822c30.00 aEN-76221 bDBAD / PUB adplbEnglish  a303.66 aJerry  aGaining momentum...!:cby Jerry bstrategy solidarity spirituality of justice-based peace / aDindigul bVaigarai Publishing House c2008 aOpp. St. Mary;'s H.S. School, Main Road, bDindigul e2430464 a120p. c20cm (pbk) aContributed papers on the life and achivements of Xuanzang, ca. 596-664, Buddhist priest presented at an international seminar; includes papers on Buddhist cultural heritage.